2012 Summer Olympics Sports Quiz - Statistics

General Stats
  • This quiz has been taken 31,122 times
    30,965 since last reset
  • The average score is 14 of 26
Answer Stats
Sport % Correct
Aquatics
94%
Athletics
92%
Football (Soccer)
84%
Basketball
77%
Gymnastics
73%
Tennis
70%
Cycling
64%
Volleyball
63%
Archery
62%
Shooting
57%
Rowing
55%
Wrestling
55%
Equestrian
54%
Table Tennis
54%
Boxing
53%
Judo
50%
Badminton
48%
Fencing
46%
Field Hockey
46%
Weightlifting
45%
Canoe/Kayak
40%
Handball
37%
Sailing
36%
Taekwondo
29%
Triathlon
24%
Modern Pentathlon
17%
No matching quizzes found
Score Distribution
Percent of People with Each Score
Percentile by Number Answered
Your Score History
You have not taken this quiz since the last reset